000 00448nam a22001577a 4500
999 _c258880
_d258879
003 OSt
005 20200724104509.0
008 200724b xxu||||| |||| 00| 0 eng d
020 _a0536684367
040 _cN/A
100 _aChristopher Schaufele et al
245 _aEarth Algebra
_bcollege algebra with applications to enviromental issues
250 _aSecond Edition
260 _aBoston,MA
_bPearson custom publishing
_c1999
942 _2lcc
_cBK